| 000 | 00941nam a2200253 u 4500 | ||
|---|---|---|---|
| 001 | 000061426 | ||
| 005 | 20200120224024.0 | ||
| 008 | 140703s2012 ck gr| 000 0 spa d | ||
| 020 | _a9789588249049 | ||
| 041 | 0 | _aLspa | |
| 043 | _ac-k---- | ||
| 082 | 0 | 4 |
_a986.1063 _bP15 _221 |
| 100 | 1 |
_aPalacios, Marco _d1944- |
|
| 245 | 1 | 0 |
_aViolencia pública en Colombia, 1958-2010 / _cMarco Palacios. |
| 260 |
_aBogotá : _bFondo de Cultura Económica, _c2012. |
||
| 300 |
_a218 p. ; _c24 cm. |
||
| 500 |
_aIncluye índice _bEj.1 del Coelgio Carlos E. Restrepo con ISBN 9789588249049 |
||
| 504 | _aReferencias bibliográficas : p.197-218 | ||
| 650 | 1 | 7 |
_aViolencia _xHistoria _y1958-2010 _zColombia _2LEMB |
| 650 | 2 | 7 |
_aViolencia _xHistoria _y1958-2010 _zAmérica Latina _2LEMB |
| 650 | 2 | 7 |
_aNarcotráfico _xHistoria _zColombia _2LEMB |
| 650 | 2 | 7 |
_aProceso de paz _xHistoria _y1982-1998 _zColombia _2LEMB |
| 651 | 7 |
_aColombia _xPolítica y gobierno _y1958-2010 |
|
| 999 |
_c7775 _d7775 |
||